00305nam a2200097Ia 4500008004000000082001300040100004300053245005800096260003900154300001400193210210b1964 xxu||||| |||| 00| 0 eng d a302 BERH aBERELSON (Bernard) & STEINER (Gary A). aHuman behaviour: an inventory of scientific findings. aNYbHarcourt, Brace & World.c1964 axxiii,712